000 00791nam a2200193Ia 4500
003 IN-BaIIA
008 211028s9999 xx s 000 0 eng d
020 _a978-1-107-03378-8 (Print)
022 _a1743-9213 (Print)
022 _a1743-9221 (Online)
040 _cIIA Library
100 _ade Grijs, Richard, ed.
_931187
245 0 _aAdvancing the Physics of Cosmic Distances
_h[eBook]
260 _aCambridge
_bCambridge University Press
_c2013
300 _aOnline resource
490 _aIAU Symposium; no. 289
856 _uhttps://www.cambridge.org/core/journals/proceedings-of-the-international-astronomical-union/issue/5F667495B5068F3F4D7BBFCFD90A005B
_yClick Here to Access eBook
942 _cEB
999 _c21999
_d21999